মোপাশাঁর গল্প / (Record no. 65330)
[ view plain ]
| 000 -LEADER | |
|---|---|
| fixed length control field | 00838nam a2200229 a 4500 |
| 001 - CONTROL NUMBER | |
| control field | 65330 |
| 003 - CONTROL NUMBER IDENTIFIER | |
| rucl marc code | BD-RjUL |
| 005 - DATE AND TIME OF LATEST TRANSACTION | |
| control field | 20211209081418.0 |
| 008 - FIXED-LENGTH DATA ELEMENTS--GENERAL INFORMATION | |
| fixed length control field | 170304s1962 bg |||| |||| 000 0 ben d |
| 035 ## - SYSTEM CONTROL NUMBER | |
| System control number | (BD-RjUL)65460 |
| 040 ## - CATALOGING SOURCE | |
| Original cataloging agency | BD-RjUL |
| Language of cataloging | eng |
| Transcribing agency | BD-RjUL |
| 041 ## - LANGUAGE CODE | |
| Language code of text/sound track or separate title | eng |
| 082 ## - DEWEY DECIMAL CLASSIFICATION NUMBER | |
| Edition number | 23 |
| Classification number | B 843 |
| Author mark and year | MAM 1962 |
| 100 10 - MAIN ENTRY--PERSONAL NAME | |
| Personal name | মোপাশাঁ, গী দ্য |
| 9 (RLIN) | 193362 |
| 245 10 - TITLE STATEMENT | |
| Title | মোপাশাঁর গল্প / |
| Statement of responsibility, etc. | গী দ্য মোপাশাঁ; অনুবাদকঃ বিমল দত্ত |
| 260 ## - PUBLICATION, DISTRIBUTION, ETC. (IMPRINT) | |
| Place of publication, distribution, etc. | কলকাতা : |
| Name of publisher, distributor, etc. | ভারতী বুক স্টল, |
| Date of publication, distribution, etc. | 2014. |
| 300 ## - PHYSICAL DESCRIPTION | |
| Pagination | ১৫২ পৃ. : |
| Size | ২২ সে. মি. |
| 650 ## - SUBJECT ADDED ENTRY--TOPICAL TERM | |
| Topical term or geographic name as entry element | ফরাসি সাহিত্য |
| 9 (RLIN) | 170454 |
| Topical term or geographic name as entry element | French fiction |
| 9 (RLIN) | 187010 |
| 700 ## - ADDED ENTRY--PERSONAL NAME | |
| Personal name | দত্ত, বিমল |
| 942 ## - ADDED ENTRY ELEMENTS (KOHA) | |
| Source of classification or shelving scheme | Dewey Decimal Classification |
| Koha item type | Books |
| Lost status | Source of classification or shelving scheme | Damaged status | Not for loan | Collection code | Permanent Location | Current Location | Shelving location | Date acquired | Source of acquisition | Cost, normal purchase price | Total Checkouts | Full call number | Date last seen | Copy number | Koha item type |
|---|---|---|---|---|---|---|---|---|---|---|---|---|---|---|---|
| Dewey Decimal Classification | Not For Loan | Fiction | Central Library, University of Rajshahi | Central Library, University of Rajshahi | Reading Room | 01/09/1973 | Indian Government | 0.00 | B 843 MAM 1962 | 04/03/2017 | C-1 | Books |